000 00631nam a22002177a 4500
999 _c19794
_d19794
003 AR-CdUCM
008 190308b ||||| |||| 00| 0 spa d
040 _aMUNICIPALIDAD PROVINCIAL DEL CUSCO
_cBIBLIOTECA MUNICIPAL DEL CUSCO
041 _hfr.
082 _a840.90 /
_bSA13
245 _aEl Principito /
260 _aPerĂº :
_boffset ,
300 _a93 paginas ;
_bilustraciones,
_c18cm.
505 _aContenido :Cuentos /
650 _aCuentos infantiles
_93927
650 _aLiteratura francesa
_9913
650 _aRelatos franceses
_914005
650 _aSiglo XX
_98
942 _2ddc
_cLIBROS
945 _aAndy
_d2019-05-22